000 00396nam a2200157Ia 4500
008 230524s9999 xx 000 0 und d
082 _a574.191
_bSRI
100 _aP.K.Srivastava
_923443
245 0 _aElementary Biophysics : An Introduction
250 _a1ST
260 _aNEW DELHI
_bNarosa
_c2005
300 _aIX;233
500 _aQuantity Number: 1
650 _aBiomedical
942 _cBK
999 _c35021
_d35021